Nhập môn cơ sở dữ liệu Giáo trình cao đẳng sư phạm

Tổng quan về hệ quản trị cơ sở dữ liệu Visual Foxpro, cơ sở dữ liệu quan hệ. Cách tổ chức dữ liệu, tìm kiếm thông tư, xây dựng chương trình xuất nhập dữ liệu trong Visual Foxpro và ngôn ngữ thao tác dữ liệu, thiết kế cơ sở dữ liệu quan hệ...

Πλήρης περιγραφή

Αποθηκεύτηκε σε:
Λεπτομέρειες βιβλιογραφικής εγγραφής
Άλλοι συγγραφείς: Nguyễn Vũ Quốc Hưng (b.s.), Nguyễn Hữu Dung (b.s.), Hồ Cẩm H (ch.b.), Hà Đặng Cao Tùng (b.s.)
Μορφή: Βιβλίο
Γλώσσα:Vietnamese
Έκδοση: H. Đại học Sư phạm 2007
Έκδοση:Tái bản lần thứ 1
Θέματα:
Ετικέτες: Προσθήκη ετικέτας
Δεν υπάρχουν, Καταχωρήστε ετικέτα πρώτοι!
Thư viện lưu trữ: Mạng thư viện Đại học Đà Nẵng
LEADER 02060aam a22004938a 4500
001 000023076
003 19525
005 20150529140548.0
008 150527s2007 viesd
020 |c 50000đ  |d 1000b 
041 0 |a vie 
082 1 4 |2 14  |a 005.74  |b Nhâ 
084 |a F973.2-018z73  |b NH123M 
245 0 0 |a Nhập môn cơ sở dữ liệu  |b Giáo trình cao đẳng sư phạm  |c B.s.: Hồ Cẩm Hà (ch.b.), Nguyễn Hữu Dung, Nguyễn Vũ Quốc Hưng.. 
250 |a Tái bản lần thứ 1 
260 |a H.  |b Đại học Sư phạm  |c 2007 
300 |a 300 tr.  |b minh hoạ  |c 24 cm. 
500 |a ĐTTS ghi: Bộ Giáo dục và Đào tạo. Dự án Đào tạo Giáo viên THCS 
520 |a Tổng quan về hệ quản trị cơ sở dữ liệu Visual Foxpro, cơ sở dữ liệu quan hệ. Cách tổ chức dữ liệu, tìm kiếm thông tư, xây dựng chương trình xuất nhập dữ liệu trong Visual Foxpro và ngôn ngữ thao tác dữ liệu, thiết kế cơ sở dữ liệu quan hệ 
650 7 |2 Bộ TK TVQG 
650 0 4 |2 Bộ TK TVQG  |a Cơ sở dữ liệu (Tin học) 
650 7 |2 Bộ TK TVQG 
650 7 |2 Bộ TK TVQG 
650 7 |2 Bộ TK TVQG 
653 |a Tin học 
653 |a Cơ sở dữ liệu 
653 |a Ngôn ngữ lập trình 
653 |a Hệ quản trị 
653 |a Phần mềm Visual Foxpro 
655 7 |2 Bộ TK TVQG  |a Giáo trình 
700 1 |a Nguyễn Vũ Quốc Hưng  |e b.s. 
700 1 |a Nguyễn Hữu Dung  |e b.s. 
700 1 |a Hồ Cẩm Hà  |e ch.b. 
700 1 |a Hà Đặng Cao Tùng  |e b.s. 
OWN |a LSP 
AVA |a UDN50  |b LSP  |d 005.74 Nhâ  |e available  |t Error 5001 Not defined in file expand_doc_bib_avail.  |f 10  |g 2  |h N  |i 10  |k 1 
999 |a From the UDN01 
AVA |a UDN50  |b LSP  |d 005.74 Nhâ  |e available  |t Error 5001 Not defined in file expand_doc_bib_avail.  |f 10  |g 2  |h N  |i 10  |k 1 
TYP |a Monograph 
TYP |a Printed language 
980 |a Mạng thư viện Đại học Đà Nẵng